Granada después de la conquista (Record no. 187582)

MARC details
000 -LEADER
campo de control de longitud fija 01193nam a2200301 i 4500
001 - NÚMERO DE CONTROL
campo de control 187582
003 - IDENTIFICADOR DE NÚMERO DE CONTROL
campo de control ES-MaACL
005 - FECHA Y HORA DE LA ÚLTIMA TRANSACCIÓN
campo de control 20250801063050.0
008 - DATOS DE LONGITUD FIJA--INFORMACIÓN GENERAL
campo de control de longitud fija 171130s1988 sp b |||| | spa d
020 ## - NÚMERO INTERNACIONAL ESTÁNDAR DEL LIBRO
Número Internacional Estándar del Libro 84-7807-000-1
080 ## - NÚMERO DE LA CLASIFICACIÓN DECIMAL UNIVERSAL
Número de la Clasificación Decimal Universal 946.815"14/15"
100 1# - ENTRADA PRINCIPAL--NOMBRE DE PERSONA
Nombre de persona Ladero Quesada, Miguel Ángel,
Fechas asociadas al nombre 1943-
9 (RLIN) 159216
245 10 - MENCIÓN DEL TÍTULO
Título Granada después de la conquista
Resto del título : repobladores y mudéjares /
Mención de responsabilidad, etc. Miguel Ángel Ladero Quesada.
260 ## - PUBLICACIÓN, DISTRIBUCIÓN, ETC.
Lugar de publicación, distribución, etc. Granada :
Nombre del editor, distribuidor, etc. Diputación Provincial de Granada,
Fecha de publicación, distribución, etc. 1988.
300 ## - DESCRIPCIÓN FÍSICA
Extensión 519 p., [1] h. pleg. de mapa ;
Dimensiones 19 cm.
490 1# - MENCIÓN DE SERIE
Mención de serie Biblioteca de bolsillo ;
Designación de volumen o secuencia 15
500 ## - NOTA GENERAL
Nota general Apéndice documental.
504 ## - NOTA DE BIBLIOGRAFÍA, ETC.
Nota de bibliografía, etc. Bibliografía: p. [307]-310.
650 #4 - PUNTO DE ACCESO ADICIONAL DE MATERIA--TÉRMINO DE MATERIA
Término de materia o nombre geográfico como elemento de entrada Moriscos-
Subdivisión geográfica Granada (Reino)
9 (RLIN) 156634
651 #4 - PUNTO DE ACCESO ADICIONAL DE MATERIA--NOMBRE GEOGRÁFICO
Nombre geográfico Granada (Provincia)-
Subdivisión de forma Historia.
9 (RLIN) 147469
651 ## - PUNTO DE ACCESO ADICIONAL DE MATERIA--NOMBRE GEOGRÁFICO
Nombre geográfico España-
Subdivisión general Historia-
Subdivisión cronológica 1474-1516, Reyes Católicos.
9 (RLIN) 8222
710 1# - ENTRADA AGREGADA--NOMBRE DE ENTIDAD CORPORATIVA
Nombre de entidad corporativa o nombre de jurisdicción como elemento de entrada Granada (Provincia).
Unidad subordinada Diputación Provincial.
9 (RLIN) 4488
830 0# - PUNTO DE ACCESO ADICIONAL DE SERIE-TÍTULO UNIFORME
Título uniforme Biblioteca de Bolsillo
Designación de volumen o secuencia 15
9 (RLIN) 177945
852 1# - LOCALIZACIÓN
Ubicación ES-MaACL
Número de control de estantería A-14111
itemnumber 194668
Sublocalización o colección R.151292
Ubicación en estantería Depósito 1
Signatura antigua Olim: N-7111
Donativo/Legado Donación: Casa de Velázquez
914 ## - NOMBRE ENTIDAD DE DONANTE
RLIN 2477
Nombre de congreso/reunión o jurisdicción como elemento de entrada Casa de Velázquez
Unidad subordinada Donante
942 ## - ELEMENTOS DE ENTRADA SECUNDARIOS (KOHA)
Fuente del sistema de clasificación o colocación Clasificación decimal universal
Tipo de ítem Koha Libro impreso
Holdings
Estatus retirado Estado de pérdida Fuente del sistema de clasificación o colocación Estado de daño No para préstamo Biblioteca de origen Biblioteca actual Ubicación en estantería Fecha de adquisición Fuente de adquisición Total de préstamos Signatura topográfica completa Código de barras Visto por última vez Precio de reemplazo Tipo de ítem Koha
    Clasificación decimal universal     Biblioteca del Ateneo de Madrid Biblioteca del Ateneo de Madrid Depósito 1 30/11/2017 Donación   A-14111 1198130 23/02/2023 23/02/2023 Libro impreso